| 000 | 01131nam a2200265 i 4500 | ||
|---|---|---|---|
| 001 | 186733 | ||
| 003 | SpMaBN | ||
| 005 | 20250802231947.0 | ||
| 008 | 170209s2015 sp abd |||| | spa d | ||
| 020 | _a978-84-9091-053-5 | ||
| 080 | _a338.45.02(100):620.9 | ||
| 245 | 0 | 0 |
_aEnergía y geoestrategia 2015 / _cInstituto Español de Estudios Estratégicos, Comité Español del Consejo Mundial de la Energía, Club Español de la Energía. |
| 260 |
_a[Madrid] : _bMinisterio de Defensa, Secretaría General Técnica, _c2015. |
||
| 300 |
_a255 p. : _bil. col., gráf., mapas ; _c24 cm. |
||
| 504 | _aReferencias bibliográficas. | ||
| 530 |
_aVersión act. disponible en _uhttp://publicaciones.defensa.gob.es/. |
||
| 596 | _aEn port.: CESEDEN [Centro Superior de Estudios de la Defensa Nacional (España)] | ||
| 650 | 7 |
_aSeguridad energética. _9161694 |
|
| 650 | 0 | 7 |
_aPolítica energética. _9161693 |
| 650 | 0 | 4 |
_aRecursos energéticos. _916697 |
| 710 | 2 |
_aInstituto Español de Estudios Estratégicos. _95041 |
|
| 710 | 1 |
_aEspaña. _bMinisterio de Defensa _93853 |
|
| 852 |
_aES-MaACL _jN-7016 |
||
| 999 |
_c186733 _d186733 |
||